| 000 | 00809nas a2200241 4500 | ||
|---|---|---|---|
| 001 | BR9904203 | ||
| 003 | BR-BrBNA | ||
| 005 | 20231205101540.0 | ||
| 007 | ta | ||
| 008 | 230509b bl.|||p| |||| 00| 00por d | ||
| 040 |
_aBR-BrBNA _bpor _cBiblioteca Nacional de Agricultura |
||
| 041 | _a(Pt) | ||
| 072 | _aE21 | ||
| 110 | 1 | _aEmpresa de Pesquisa Agropecuaria de Minas Gerais, Belo Horizonte (Brasil) | |
| 245 | 1 | _aGlobalizacao da economia e o agronegocio | |
| 650 | _aAgribusiness | ||
| 650 | _aEconomia | ||
| 650 | _aComercio Exterior | ||
| 650 | _aAdministracao Rural | ||
| 773 | 0 |
_tInforme Agropecuario - Empresa de Pesquisa Agropecuaria de Minas Gerais (Brazil) _xISSN 0100-3364 _g(Jul-Aug 1999), v. 20(199) p. 1-166 _wBR9904203 |
|
| 909 |
_a202311 _bLúcia _c55 _dLúcia Elande |
||
| 942 |
_2AGRIS _n0 _cANA |
||
| 999 |
_c162461 _d162461 |
||